000
00276nam a22001217a 4500
082
_a
958.1 MAC'A
100
_a
MACMUNN, SIR GEORGE
_9
75993
245
_a
AFGHANISTAN FROM DARIUS TO AMANULLAH
250
_a
2ND
260
_a
QUETTA
_b
NISA
_c
1978
300
_a
359P
942
_c
BK
999
_c
581396
_d
581396